000 00615cam a22002171 4500
001 sa 67006250
003 DLC
005 20260227112405.0
008 890724q19601967ii a 000 0 hino
010 _asa 67006250
035 _a(OCoLC)20059859
040 _aDLC
_cWaU
_dNRU
_dDLC
042 _apremarc
050 0 0 _aPK2095.T8
_bZ92 1965
100 1 _aTripāṭhī, Rāma Nareśa.
245 1 0 _aTulasīdāsa aura unakā kāvya.
_cLekhaka Rāmanareśa Tripāṭhī.
260 _aDillī,
_bRājapāla
_c[196-]
300 _a308 p.
_billus.
_c23 cm.
500 _aIn Hindi.
600 0 0 _aTulasīdāsa,
_d1532-1623.
999 _c75799
_d75799